Responses for show #8256 - Monday, October 12, 2020

Kevin Walsh game 3.

Contestants

[<< previous game]

Barbara Giesser, a neurologist originally from the Bronx, New York

Michael Zannettis, a medical writer originally from Astoria, New York

Kevin Walsh, a story analyst originally from Williamstown, New Jersey (whose 2-day cash winnings total $42,900)

[next game >>]

Jeopardy! Round responses

THEIR BAR OR BAT MITZVAH
FRANCE
BEHIND THE VOICES
8-LETTER WORDS
FURNITURE
COLORFUL LIT
    $200 21
Bernie Sanders

Michael
    $200 6
red, white & blue

Michael
    $200 10
(Kevin: What is the gecko?)

the camel

KevinBarbara
    $200 1
bachelor

Michael
    $200 29
an ottoman

Michael
    $200 16
Green

Kevin
    $400 22
Art Garfunkel

Kevin
    $854 7
(Michael: I'm gonna risk my lucky number in an early stage, so $854.)
...
(Michael: Uh, what is the French Revolution?)

Bastille Day

Michael
    $400 11
Mario

Kevin
    $400 2
feedback

Michael
    $400 26
a lectern

Kevin
    $400 17
Scarlet

Kevin
    $600 23
(Harvey) Milk

Kevin
    $600 8
the Pyrenees

Kevin
    $600 12
(Barbara: What is "not currently in service".)

no longer in service

KevinBarbara
    $600 3
levitate

Kevin
    $600 27
my grandfather's clock

Barbara
    $600 18
White

Michael
    $800 24
Tiffany Haddish

Triple Stumper
    $800 9
(Kevin: What is Alsace?)

Provence

KevinBarbara
    $800 13
Kool-Aid

Kevin
    $800 4
(Barbara: What is battalion?)
(Kevin: [Sighs] What is platoon?)

division

KevinBarbara
Triple Stumper
    $800 28
a rocking chair

Triple Stumper
    $800 19
Purple

Kevin
    $1000 25
(Barbara: Who is Mark Zuckerberg?)
...
(Alex: Less than a minute.)

(Sheryl) Sandberg

MichaelBarbara
    $1000 15
the Bourbon

Kevin
    $1000 14
Natalie Wood

Kevin
    $1000 5
(Michael: What is a retainer?)

headgear

KevinMichael
    $1000 30
an armoire

Barbara
    $1000 20
Blue

Triple Stumper

Scores at the first commercial break (after clue 15):

Kevin Michael Barbara
$4,200 -$1,054 -$400

Scores at the end of the Jeopardy! Round:

Kevin Michael Barbara
$7,000 $946 $200

Double Jeopardy! Round responses

FESTIVALS OF LIGHT
ANCIENT HISTORY
ANAGRAMS OF EACH OTHER
(Alex: Two words in each correct response.)
CAT'S ENTERTAINMENT
I'LL TURN IT
UNIVERSE
    $400 6
Hanukkah

Michael
    $400 10
gladiators

Michael
    $400 3
an ear & an era

Kevin
    $400 1
a Pokémon

Michael
    $400 23
a vault

Kevin
    $400 18
radio

Kevin
    $800 7
Sydney

Kevin
    $800 11
the Oracle at Delphi

Michael
    $800 4
a battle & a tablet

Kevin
    $800 2
Furriest

Kevin
    $800 24
(Alex: We have less than a minute now.)

a page turner

Barbara
    $800 19
a dwarf star

Michael
    $1200 15
Macau

Michael
    $1200 12
Egypt

Kevin
    $1200 5
caller & cellar

Barbara
    $1200 17
The Cat in the Hat

Kevin
    $1200 25
(Barbara: What's a rudder?)

a tiller

KevinBarbara
    $5,000 20
(Alex: Michael?)
(Michael: Um, I'm sorry. What is Aquarius?)
(Alex: No. What is [*]?)
(Michael: [Head drops down] Oh, of course.)
(Alex: Reference to the maiden.)

Virgo

Michael
    $1600 16
the Main

Triple Stumper
    $1600 13
the Persians

Michael
    $2,800 8
study & dusty

Kevin
    $1600 28
[The end-of-round signal sounds.]

The Pussycat Dolls

Michael
    $1600 26
a pan

Michael
    $1600 21
dark matter

Kevin
    $2000 14
ziggurats

Barbara
    $2000 9
[NOTE: Alex gave the correct words in the opposite order.]

recital & article

Triple Stumper
    $2000 27
a lathe

Kevin
    $2000 22
a sphere

Kevin

Scores at the end of the Double Jeopardy! Round:

Kevin Michael Barbara
$22,600 $4,746 $3,000
(lock game)

[wagering suggestions for these scores]

Final Jeopardy! Round responses

WORLD LICENSE PLATES
(Alex: And it featured these insects because they winter there.)
...
(Alex: [To Michael] It will cost you something. $1711.)
(Michael: My kids' birthdays.)
BarbaraWhat are grasshoppers?
$1,500
MichaelWhat are the cricket and the ant?
$1,711
KevinWhat are cockroaches?
$2,600
(monarch) butterflies

Final scores:

Kevin Michael Barbara
$20,000 $3,035 $1,500
3-day champion: $62,900 2nd place: $2,000 3rd place: $1,000

Game dynamics:

Coryat scores:

Kevin Michael Barbara
$21,400 $10,600 $3,000
27 R
(including 1 DD),
3 W
16 R,
3 W
(including 2 DDs)
7 R,
4 W

Combined Coryat: $35,000

The J! Archive is created by fans, for fans. The Jeopardy! game show and all elements thereof, including but not limited to copyright and trademark thereto, are the property of Jeopardy Productions, Inc. and are protected under law. This website is not affiliated with, sponsored by, or operated by Jeopardy Productions, Inc. Join the discussion at JBoard.tv.